[Event "Olympiad Women-39"]
[Site "Khanty-Mansiysk"]
[Date "2010.09.28"]
[Round "7.32"]
[White "Orlova, Yelizaveta"]
[Black "Neo, Xiuwen Christabel"]
[Result "1-0"]
[WhiteElo "1917"]
[BlackElo "1846"]
[PlyCount "83"]
[EventDate "2010.09.21"]
[EventType "team-swiss"]
[EventRounds "11"]
[EventCountry "RUS"]
[SourceTitle "CBM 139"]
[Source "ChessBase"]
[SourceDate "2010.11.18"]
[SourceVersion "1"]
[SourceVersionDate "2010.11.18"]
[SourceQuality "1"]
[WhiteTeam "Canada (W)"]
[BlackTeam "Singapore (W)"]
[WhiteTeamCountry "CAN"]
[BlackTeamCountry "SIN"]

1. d4 d5 2. Nf3 Nf6 3. g3 g6 4. Bg2 Bg7 5. 0-0 0-0 6. Nbd2 Na6 7. c4 c5 8. e3 Qb6 9. b3 Rd8 10. Bb2 Bf5 11. Ne5 Nb4 12. cxd5 Bd3 13. Ndc4 Bxc4 14. Nxc4 Qc7 15. e4 b5 16. Ne3 Nd7 17. a3 Na6 18. Rc1 Rab8 19. Qe2 Qb6 20. dxc5 Naxc5 21. Bxg7 Kxg7 22. b4 Na4 23. Rc6 Qb7 24. f4 Rbc8 25. Rfc1 a6 26. e5 Nb8 27. Rxc8 Rxc8 28. Qd2 Qd7 29. Rxc8 Qxc8 30. d6 Qd7 31. Qd4 Kg8 32. Bh3 Qd8 33. Ng4 h5 34. Nf2 Kh7 35. Nd3 Nb6 36. Qc5 exd6 37. exd6 Nc4 38. Qc7 Qxd6 39. Qxf7+ Kh6 40. Nf2 Nc6 41. g4 g5 42. fxg5+ 1-0

[Event "Olympiad Women-39"]
[Site "Khanty-Mansiysk"]
[Date "2010.09.25"]
[Round "5.33"]
[White "Milovic, Aleksandra"]
[Black "Neo, Xiuwen Christabel"]
[Result "0-1"]
[WhiteElo "2182"]
[BlackElo "1846"]
[PlyCount "60"]
[EventDate "2010.09.21"]
[EventType "team-swiss"]
[EventRounds "11"]
[EventCountry "RUS"]
[SourceTitle "CBM 139"]
[Source "ChessBase"]
[SourceDate "2010.11.18"]
[SourceVersion "1"]
[SourceVersionDate "2010.11.18"]
[SourceQuality "1"]
[WhiteTeam "Montenegro (W)"]
[BlackTeam "Singapore (W)"]
[WhiteTeamCountry "MNE"]
[BlackTeamCountry "SIN"]

1. f4 d5 2. Nf3 Nf6 3. b3 b6 4. e3 Bb7 5. Bb2 e6 6. Bb5+ c6 7. Be2 Be7 8. d3 c5 9. Nbd2 Nc6 10. Ne5 d4 11. Bf3 Nd5 12. Bxd5 Qxd5 13. e4 Qd8 14. Nxc6 Bxc6 15. Qg4 0-0 16. 0-0 f5 17. Qe2 Rf6 18. Rae1 Rg6 19. Nf3 Bd6 20. Bc1 a6 21. Bd2 fxe4 22. Ng5 e3 23. Qh5 Rh6 24. Qf7+ Kh8 25. Bxe3 dxe3 26. Rxe3 Rf6 27. Qh5 Qg8 28. Rxe6 Raf8 29. Rfe1 Bxf4 30. Rxc6 Be3+ 0-1

[Event "Olympiad Women-39"]
[Site "Khanty-Mansiysk"]
[Date "2010.09.21"]
[Round "1.5"]
[White "Neo, Xiuwen Christabel"]
[Black "Bodnaruk, Anastasia"]
[Result "0-1"]
[WhiteElo "1846"]
[BlackElo "2399"]
[PlyCount "68"]
[EventDate "2010.09.21"]
[EventType "team-swiss"]
[EventRounds "11"]
[EventCountry "RUS"]
[SourceTitle "CBM 139"]
[Source "ChessBase"]
[SourceDate "2010.11.18"]
[SourceVersion "1"]
[SourceVersionDate "2010.11.18"]
[SourceQuality "1"]
[WhiteTeam "Singapore (W)"]
[BlackTeam "Russia (W) II"]
[WhiteTeamCountry "SIN"]
[BlackTeamCountry "RUS"]

1. e4 c5 2. Nf3 d6 3. Bb5+ Nc6 4. 0-0 Bd7 5. d4 cxd4 6. Nxd4 Nf6 7. Re1 g6 8. c4 Bg7 9. Nc3 0-0 10. Nxc6 bxc6 11. Ba4 Rb8 12. Rb1 Ng4 13. Bf4 Qa5 14. Qc2 Rxb2 15. Rxb2 Bxc3 16. Bd2 Bxd2 17. Qxd2 Qxa4 18. c5 Ne5 19. Rb4 Qa5 20. cxd6 exd6 21. Reb1 c5 22. R4b2 Qxd2 23. Rxd2 Nc4 24. Rd3 a5 25. Rc1 Be6 26. Rdc3 Rb8 27. f4 Nd2 28. Re1 Rb4 29. Ra3 a4 30. Rae3 Rb2 31. Ra3 Rb4 32. Rae3 Rd4 33. R3e2 Bc4 34. Re3 Bxa2 0-1

[Event "Wch U16 Girls"]
[Site "Kemer"]
[Date "2009.11.21"]
[Round "10"]
[White "Neo, Xiuwen Christabel"]
[Black "Diril, Isil"]
[Result "1-0"]
[WhiteElo "1798"]
[BlackElo "1585"]
[PlyCount "53"]
[EventDate "2009.11.12"]
[EventType "swiss"]
[EventRounds "11"]
[EventCountry "TUR"]
[SourceTitle "EXT 2010"]
[Source "ChessBase"]
[SourceDate "2010.11.25"]
[SourceVersion "1"]
[SourceVersionDate "2010.11.25"]
[SourceQuality "1"]

1. e4 d5 2. exd5 Qxd5 3. Nc3 Qa5 4. d4 Nf6 5. Nf3 Bf5 6. Bc4 e6 7. Bd2 c6 8. Nd5 Qd8 9. Nxf6+ gxf6 10. Bb3 Nd7 11. Qe2 Qc7 12. Nh4 Bg6 13. 0-0-0 0-0-0 14. Kb1 Bd6 15. h3 Kb8 16. Rhe1 c5 17. Nxg6 hxg6 18. Bc3 e5 19. dxe5 Nxe5 20. f4 Nd7 21. Bxf7 Rh6 22. Qd3 Nb6 23. Bxf6 Qxf7 24. Bxd8 Bxf4 25. Rf1 g5 26. Bxg5 Rd6 27. Bxf4 1-0

[Event "Wch U14 Girls"]
[Site "Vung Tau"]
[Date "2008.10.29"]
[Round "10"]
[White "Neo, Xiuwen Christabel"]
[Black "Aflalo, Sophie"]
[Result "0-1"]
[WhiteElo "1716"]
[BlackElo "1969"]
[PlyCount "64"]
[EventDate "2008.10.20"]
[EventType "swiss"]
[EventRounds "11"]
[EventCountry "VIE"]
[SourceTitle "EXT 2009"]
[Source "ChessBase"]
[SourceDate "2008.11.26"]
[SourceVersion "1"]
[SourceVersionDate "2008.11.26"]
[SourceQuality "1"]

1. e4 c5 2. Nf3 Nc6 3. d4 cxd4 4. Nxd4 Nf6 5. Nc3 e5 6. Ndb5 d6 7. Bg5 a6 8. Na3 b5 9. Nd5 Be7 10. Bxf6 Bxf6 11. c3 Bg5 12. Nc2 0-0 13. a4 bxa4 14. Rxa4 a5 15. Bc4 Rb8 16. b3 Kh8 17. 0-0 g6 18. Qd3 f5 19. Rd1 fxe4 20. Qxe4 Bf5 21. Qe2 e4 22. h3 Ne5 23. Nce3 Bd7 24. Ra2 Bh6 25. Rd4 Qh4 26. Qc2 Bf5 27. Bf1 Rb7 28. Rda4 Rbf7 29. Nxf5 gxf5 30. Rxa5 Rg7 31. Ra8 Nf3+ 32. Kh1 Qxh3+ 0-1

[Event "Wch U14 Girls"]
[Site "Vung Tau"]
[Date "2008.10.27"]
[Round "8"]
[White "Neo, Xiuwen Christabel"]
[Black "Eid, Maha"]
[Result "0-1"]
[WhiteElo "1716"]
[BlackElo "1932"]
[PlyCount "68"]
[EventDate "2008.10.20"]
[EventType "swiss"]
[EventRounds "11"]
[EventCountry "VIE"]
[SourceTitle "EXT 2009"]
[Source "ChessBase"]
[SourceDate "2008.11.26"]
[SourceVersion "1"]
[SourceVersionDate "2008.11.26"]
[SourceQuality "1"]

1. e4 c5 2. Nf3 e6 3. d4 cxd4 4. Nxd4 a6 5. c4 Qc7 6. a3 Nf6 7. Nc3 d6 8. Bd3 Nbd7 9. Be3 Ne5 10. f3 Bd7 11. Rc1 Rc8 12. 0-0 Be7 13. b3 0-0 14. Be2 Rfe8 15. Qe1 Bc6 16. Qf2 Qb8 17. Rfd1 d5 18. exd5 exd5 19. Nxc6 bxc6 20. b4 dxc4 21. Na4 Nd5 22. Ba7 Qb7 23. Bd4 Bg5 24. Nc5 Qe7 25. Rc2 Nf4 26. Kf1 Rcd8 27. Re1 Ned3 28. Bxd3 Qxe1+ 29. Qxe1 Rxe1+ 30. Kxe1 cxd3 31. Rc4 Nxg2+ 32. Kd1 d2 33. Ne4 Be3 34. Bc3 Bb6 0-1

[Event "Wch U14 Girls"]
[Site "Vung Tau"]
[Date "2008.10.22"]
[Round "3"]
[White "Jalabadze, Natia"]
[Black "Neo, Xiuwen Christabel"]
[Result "1-0"]
[WhiteElo "2023"]
[BlackElo "1716"]
[PlyCount "113"]
[EventDate "2008.10.20"]
[EventType "swiss"]
[EventRounds "11"]
[EventCountry "VIE"]
[SourceTitle "EXT 2009"]
[Source "ChessBase"]
[SourceDate "2008.11.26"]
[SourceVersion "1"]
[SourceVersionDate "2008.11.26"]
[SourceQuality "1"]

1. e4 e5 2. Nf3 Nc6 3. Bb5 a6 4. Ba4 Nf6 5. d3 d6 6. 0-0 g6 7. d4 b5 8. dxe5 dxe5 9. Qxd8+ Nxd8 10. Bb3 Ne6 11. Nxe5 Bg7 12. Nd3 0-0 13. Nc3 Nd4 14. Be3 Nxb3 15. axb3 Bb7 16. Nc5 b4 17. Na2 Bxe4 18. Nxe4 Nxe4 19. Nxb4 Bxb2 20. Rxa6 Bc3 21. Rxa8 Rxa8 22. Nd5 Be5 23. c4 Ra3 24. Rb1 Kg7 25. f3 Nc3 26. Nxc3 Bxc3 27. Kf2 Ra2+ 28. Kg3 Bb4 29. Bd4+ Kf8 30. Ra1 Bd6+ 31. f4 Rd2 32. Bf6 Ke8 33. c5 Rd3+ 34. Kh4 Bxc5 35. Ra8+ Kd7 36. Rd8+ Ke6 37. Rxd3 Kxf6 38. Kg4 Bd6 39. Kf3 h5 40. h3 Kf5 41. g4+ hxg4+ 42. hxg4+ Kf6 43. Ke4 Ke6 44. f5+ gxf5+ 45. gxf5+ Ke7 46. Rh3 Kf6 47. Rh6+ Ke7 48. Kd5 Bf4 49. f6+ Kd7 50. Rh7 c6+ 51. Ke4 Bd6 52. Rxf7+ Ke6 53. Ra7 Kxf6 54. Ra6 Ke7 55. Rxc6 Kd7 56. Rxd6+ Kxd6 57. Kd4 1-0

[Event "WchT Schools 4th"]
[Site "Singapore"]
[Date "2008.07.26"]
[Round "4.3"]
[White "Citra, Dewi Ardhiani Anast"]
[Black "Neo, Xiuwen Christabel"]
[Result "1-0"]
[WhiteElo "1753"]
[BlackElo "1720"]
[PlyCount "103"]
[EventDate "2008.07.23"]
[EventType "team-swiss"]
[EventRounds "9"]
[EventCountry "SIN"]
[SourceTitle "EXT 2009"]
[Source "ChessBase"]
[SourceDate "2008.11.26"]
[SourceVersion "1"]
[SourceVersionDate "2008.11.26"]
[SourceQuality "1"]

1. e4 e5 2. f4 d5 3. exd5 exf4 4. Nf3 Nf6 5. d4 Nxd5 6. Bc4 Be6 7. Qe2 Qe7 8. Bxd5 Bxd5 9. Qxe7+ Bxe7 10. Bxf4 c6 11. Nbd2 Nd7 12. c4 Be6 13. Kf2 0-0 14. Rhe1 Bf6 15. Rac1 h6 16. h3 Rfe8 17. g4 g5 18. Bg3 Bg7 19. Ne4 Bf8 20. Ne5 Be7 21. b3 f5 22. gxf5 Bxf5 23. Ng4 Kh7 24. Kg2 Kg6 25. Ne5+ Nxe5 26. Bxe5 Bxe4+ 27. Rxe4 Bf6 28. Rce1 Bxe5 29. Rxe5 Rxe5 30. Rxe5 Rd8 31. Re4 Kf5 32. Kf3 Rd7 33. Re5+ Kf6 34. Ke4 h5 35. d5 cxd5+ 36. cxd5 Rd6 37. Re8 a6 38. Rh8 h4 39. Rh6+ Ke7 40. Rh7+ Kf6 41. Rxb7 Kg6 42. Rc7 Kh5 43. Ke5 Rd8 44. d6 g4 45. hxg4+ Kxg4 46. Rg7+ Kf3 47. Rh7 Kg3 48. d7 h3 49. Kd6 h2 50. Ke7 Kg2 51. Kxd8 h1Q 52. Rxh1 1-0

[Event "WchT Schools 4th"]
[Site "Singapore"]
[Date "2008.07.26"]
[Round "5.5"]
[White "Neo, Xiuwen Christabel"]
[Black "Lo, Yin Ling Melissa"]
[Result "1-0"]
[WhiteElo "1720"]
[BlackElo "1759"]
[PlyCount "63"]
[EventDate "2008.07.23"]
[EventType "team-swiss"]
[EventRounds "9"]
[EventCountry "SIN"]
[SourceTitle "EXT 2009"]
[Source "ChessBase"]
[SourceDate "2008.11.26"]
[SourceVersion "1"]
[SourceVersionDate "2008.11.26"]
[SourceQuality "1"]

1. e4 e5 2. Nf3 Nc6 3. Bc4 Bc5 4. c3 Nf6 5. d3 d6 6. Bb3 a6 7. Nbd2 Ba7 8. h3 0-0 9. Nf1 h6 10. Ng3 Be6 11. 0-0 Re8 12. Bc2 d5 13. Qe2 b5 14. Rd1 Qd7 15. Kh2 Rad8 16. d4 exd4 17. e5 Nh7 18. Qd3 g6 19. cxd4 Nb4 20. Qc3 Nxc2 21. Qxc2 h5 22. Ng5 Nf8 23. f4 Rc8 24. Be3 Kg7 25. b4 c6 26. Rf1 h4 27. Nh5+ gxh5 28. f5 Bxf5 29. Rxf5 Re7 30. Raf1 Kg8 31. Nxf7 Nh7 32. Nh6+ 1-0